| 000 | 00383nam a22001457a 4500 | ||
|---|---|---|---|
| 999 |
_c15559 _d15559 |
||
| 003 | OSt | ||
| 008 | 190516b ||||| |||| 00| 0 eng d | ||
| 020 | _a9789386546012 | ||
| 082 | _a630.715 PRA/GL | ||
| 100 |
_aPradhan, K _94043 |
||
| 245 | _aGlimpses of practicals in extension education | ||
| 260 |
_aNew Delhi _bNew India Publishing Agency _c2018 |
||
| 300 | _a217 p | ||
| 942 | _cBK | ||